00373nam a2200121Ia 4500008004100000040001600041041001200057082001600069100001800085245009700103260003400200300001700234230917s9999||||xx |||||||||||||| ||und|| e13475aMAIN aEnglish a515.7 H496R aHewitt, Edwin 0aReal and abstract analysis: A modern treatment of the theory of functions of a real variable aBerlinbSpringer-Verlagc1969 aviii, 476 p.